000 01197nam a22003377a 4500
003 CHAP
005 20220329134002.0
008 971013s1979 r 00010 d
010 _a13623
011 _a14595
035 _a18669
040 _cCHAP
090 _aTesis
100 0 0 _aGonzález, Andrade, José Luis.
_949511
245 _aPruebas preliminares de fertilización foliar en el aguacatero en dos sitios de la meseta tarasca
260 _aUruapan, Mich. :
_bEl autor,
_c1979
300 _a42 h.
502 _aTesis (Ing. Agrónomo Esp. en Fitomejoramiento) -- Univ. Michoacana de San Nicolás de Hidalgo. Fac. de Agrobiología Presidente Juárez
590 _aALEPH
_b10
_c20130110
_lUCH01
_h1233
590 _aBATCH-UPD
_b10
_c20130110
_lUCH01
_h0132
590 _aBATCH-UPD
_b10
_c20130110
_lUCH01
_h1832
590 _aBATCH-UPD
_b10
_c20130410
_lUCH01
_h1204
590 _aBATCH-UPD
_b10
_c20130913
_lUCH01
_h2258
590 _aCONVERSION
_b10
_c20130109
_lUCH01
_h1309
650 1 4 _aAguacate.
_92490
650 1 4 _aFertilización foliar.
_940445
650 1 4 _aFertilizantes para aguacate.
_940598
901 _aBK
942 _cTESIS
949 _bBC
_cTES
_d-43491
_eTS1
_h17927
_i18669
_si
999 _c13623
_d13623